[Event "IND-ch 59th"]
[Site "New Delhi"]
[Date "2022.12.22"]
[Round "1"]
[White "Gautam, Kataria"]
[Black "Raahul, VS."]
[Result "0-1"]
[WhiteElo "1666"]
[BlackElo "2325"]
[PlyCount "52"]
[EventDate "2022.12.22"]
[EventType "swiss"]
[EventRounds "13"]
[EventCountry "IND"]
[SourceTitle "CBM 211 Extra"]
[Source "ChessBase"]
[SourceDate "2023.01.31"]
[SourceVersion "1"]
[SourceVersionDate "2023.01.31"]
[SourceQuality "1"]

1. d4 d5 2. Nf3 Nf6 3. c4 e6 4. Nc3 a6 5. Bg5 Be7 6. e3 0-0 7. c5 b6 8. cxb6 c5 9. Be2 Qxb6 10. Rb1 h6 11. Bh4 Nc6 12. 0-0 cxd4 13. exd4 g5 14. Bg3 Ne4 15. Na4 Qa7 16. Bd3 Nxg3 17. hxg3 Bf6 18. Rc1 Nxd4 19. Nc5 Nxf3+ 20. Qxf3 Bxb2 21. Rc2 Bg7 22. Rfc1 Rb8 23. Nb3 Bd7 24. Rc5 Rfc8 25. Qe2 Rxc5 26. Rxc5 Rxb3 0-1

[Event "India Cities-ch 19th"]
[Site "Khalpara"]
[Date "2018.08.03"]
[Round "4.4"]
[White "Gautam, Kataria"]
[Black "Mushini, Ajay"]
[Result "0-1"]
[WhiteElo "1482"]
[BlackElo "1970"]
[PlyCount "68"]
[EventDate "2018.08.01"]
[EventType "team-swiss"]
[EventRounds "7"]
[EventCountry "IND"]
[SourceTitle "CBM 186 Extra"]
[Source "ChessBase"]
[SourceDate "2018.08.24"]
[SourceVersion "1"]
[SourceVersionDate "2018.08.24"]
[SourceQuality "1"]
[WhiteTeam "Chess in Lakecity"]
[BlackTeam "Kakinada"]
[WhiteTeamCountry "IND"]
[BlackTeamCountry "IND"]

1. d4 d5 2. Bf4 Nf6 3. e3 e6 4. Bd3 c5 5. c3 Nc6 6. Nf3 Bd6 7. Bg3 0-0 8. Nbd2 Qe7 9. 0-0 e5 10. dxe5 Nxe5 11. Nxe5 Bxe5 12. Nf3 Bxg3 13. hxg3 Bg4 14. Qc2 Rad8 15. Rfe1 Rfe8 16. Bb5 Bd7 17. Bxd7 Rxd7 18. Rad1 Red8 19. c4 Qe4 20. Qa4 b6 21. Rc1 h6 22. Qb3 Qe7 23. Qc3 dxc4 24. Qxc4 Ne4 25. Qc2 g5 26. Rcd1 g4 27. Nh4 Rd2 28. Rxd2 Rxd2 29. Qc4 Rxf2 30. Qd5 Qe6 31. Qxe6 fxe6 32. Rf1 Rxf1+ 33. Kxf1 Kf7 34. Ke2 Nxg3+ 0-1